Amazonas (Registro nro. 16451)

Detalles MARC
000 -CABECERA
Campo de control 006140000a22002290004500
041 0# - IDIOMA
Código de idioma para texto/pista de sonido o título separado
090 ## - CLASIFICACIÓN LOCAL
Colección MM
Consecutivo 00033
041 0# - IDIOMA
Código de idioma para texto/pista de sonido o título separado
110 1# - ASIENTO PRINCIPAL--NOMBRE CORPORATIVO
Nombre corporativo o de jurisdicción como elemento de entrada ABC World of Discovery
245 10 - MENCION DE TITULO
Título Amazonas
Version secretos de río dorado
260 ## - PUBLICACION, DISTRIBUCION, ETC. (PIE DE IMPRENTA)
Lugar de publicación, distribución, etc. s.l.
Nombre del editor, distribuidor, etc. Capital Cities
Fecha de publicación, distribución, etc. 1991
260 ## - PUBLICACION, DISTRIBUCION, ETC. (PIE DE IMPRENTA)
Nombre del editor, distribuidor, etc. ABC Video Inc.
300 ## - DESCRIPCION FISICA
Extensión 47 min.
Otros detalles físicos VHS
650 14 - ASIENTO SECUNDARIO DE MATERIA - TERMINO TEMATICO
Término temático o nombre geográfico como elemento de entrada Hidrografía
650 14 - ASIENTO SECUNDARIO DE MATERIA - TERMINO TEMATICO
Término temático o nombre geográfico como elemento de entrada Fauna
650 14 - ASIENTO SECUNDARIO DE MATERIA - TERMINO TEMATICO
Término temático o nombre geográfico como elemento de entrada Peces
650 14 - ASIENTO SECUNDARIO DE MATERIA - TERMINO TEMATICO
Término temático o nombre geográfico como elemento de entrada Uso de fauna silvestre
650 14 - ASIENTO SECUNDARIO DE MATERIA - TERMINO TEMATICO
Término temático o nombre geográfico como elemento de entrada Bosques tropicales
651 #4 - ASIENTO SECUNDARIO DE MATERIA - NOMBRE GEOGRAFICO
-- Río Amazonas
651 #4 - ASIENTO SECUNDARIO DE MATERIA - NOMBRE GEOGRAFICO
-- Cuenca amazónica
942 ## - ELEMENTOS ADICIONALES (KOHA)
Tipo de ítem CD-ROM
Existencias
Withdrawn status Lost status Sistema de Clasificación Damaged status No para préstamo Colección Ubicación Permanente Ubicación actual Fecha de adquisición Fuente de Valor Total Checkouts Número topográfico Inventario / Código de Barras Date last seen Ejemplar Price effective from Forma de adquisición Tipo de material
    Local     Audiovisual Bogotá Bogotá 09/02/2017 Ochoa, Diego   AV-00033 014148 25/03/2015 Ej. 1 25/03/2015 Donación VHS
          Audiovisual Villa de Leyva Villa de Leyva 27/02/2015     MM 00033 AUTO_19747 25/03/2015   25/03/2015   CD-ROM